Educación, desarrollo y calidad de vida /
Sin resumen
Zapisane w:
| 1. autor: | |
|---|---|
| Format: | Texto |
| Hasła przedmiotowe: | |
| Etykiety: |
Dodaj etykietę
Nie ma etykietki, Dołącz pierwszą etykiete!
|
MARC
| LEADER | 00000 a a2200000 04500 | ||
|---|---|---|---|
| 001 | 21 | ||
| 003 | |||
| 040 | |||
| 100 | |a Retana Padilla, Carlos | ||
| 245 | |a Educación, desarrollo y calidad de vida / |c Carlos Retana Padilla | ||
| 520 | |a Sin resumen | ||
| 650 | |a EDUCACION | ||
| 650 | |a ENSEÑANZA SUPERIOR | ||
| 650 | |a CALIDAD DE LA VIDA | ||
| 650 | |2 Macrothesaurus de la OCDE | ||
| 773 | |g número 13 -14; páginas 255-259 | ||
| 999 | |c 19882 |d 19882 | ||
| 773 | 0 | |0 18806 |9 2087 |a Universidad Nacional de Costa Rica |d Heredia: C.R.: EUNA |o 02253 |t ABRA |x 14093928 | |
